Prokletý kraj /
Román s kriminální zápletkou, zasazený do drsných šumavských hor.
Uloženo v:
| Hlavní autor: | |
|---|---|
| Další autoři: | , |
| Médium: | E-audiokniha |
| Jazyk: | Czech |
| Vydáno: |
Praha :
Voxi,
[2022]
|
| Témata: | |
| Tagy: |
Žádné tagy |
| LEADER | 03485nim a2200781 i 4500 | ||
|---|---|---|---|
| 001 | 313124 | ||
| 003 | CZ PrSKC | ||
| 005 | 20260601215736.0 | ||
| 007 | sd fungnnmmned | ||
| 008 | 220310t20222022xr nnnng f n cze | ||
| 015 | |a cnb003400927 | ||
| 024 | 3 | |a 8594050433533 | |
| 040 | |a ABA001 |b cze |e rda | ||
| 072 | 7 | |a 821.162.3-3 |x Česká próza |2 Konspekt | |
| 080 | |a 821.162.3-31 |2 MRF | ||
| 080 | |a (0:82-312.4) |2 MRF | ||
| 080 | |a (086.7)08 |2 MRF | ||
| 080 | |a (086.76) |2 MRF | ||
| 100 | 1 | |a Klevisová, Michaela, |d 1976- |7 xx0065727 |4 aut | |
| 245 | 1 | 0 | |a Prokletý kraj / |c Michaela Klevisová |
| 264 | 1 | |a Praha : |b Voxi, |c [2022] | |
| 264 | 4 | |c ©2022 | |
| 300 | |a 1 audiodisk (10 hod.) ; |c 12 cm | ||
| 306 | |a 100000 | ||
| 336 | |a mluvené slovo |b spw |2 rdacontent | ||
| 337 | |a audio |b s |2 rdamedia | ||
| 338 | |a audiodisk |b sd |2 rdacarrier | ||
| 344 | |a digital |b optical |2 rda | ||
| 347 | |a audio soubor |b MP3 |2 rda | ||
| 500 | |a Název z disku | ||
| 500 | |a Copyright Albatros Media | ||
| 500 | |a Nezkrácená audiokniha ve formátu mp3 | ||
| 500 | |a Podle stejnojmenné knihy vydané nakladatelstvím Motto v roce 2021 | ||
| 508 | |a Režie Martin Šebestík | ||
| 511 | 0 | |a Čte Petra Špalková | |
| 520 | 2 | |a Román s kriminální zápletkou, zasazený do drsných šumavských hor. |b Jelení Horou se několikrát prohnaly dějiny plné nenávisti a zmaru. Vesnička ukrytá v pošumavských lesích dodnes není ideální místo k životu. Gerdu s dcerou k návratu sem přiměl jenom rozvod a nedostatek peněz. Z jednotvárnosti ji vytrhne až seznámení s Lindou, která tu pátrá po minulosti své rodiny. Vzápětí ale ve vesnici za podivných okolností někdo zemře... a zločin oběma ženám pomůže odhalit staré tajemství, které nikdy nemělo vyjít na povrch. Nakladatelská anotace. | |
| 655 | 7 | |a české romány |7 fd133974 |2 czenas | |
| 655 | 7 | |a detektivní romány |7 fd132010 |2 czenas | |
| 655 | 7 | |a audioknihy |7 fd119452 |2 czenas | |
| 655 | 7 | |a kompaktní disky |7 fd201991 |2 czenas | |
| 700 | 1 | |a Šebestík, Martin |7 xx0089616 |4 drt | |
| 700 | 1 | |a Špalková, Petra, |d 1975- |7 mzk2002148039 |4 nrt | |
| 900 | |a ABA001 |b 18 | ||
| 044 | |a xr | ||
| 505 | 0 | 0 | |t Uvod (1 min., 21 sek.) |
| 505 | 0 | 0 | |t 01 Kapitola (14 min., 52 sek.) |
| 505 | 0 | 0 | |t 02 Kapitola (33 min., 51 sek.) |
| 505 | 0 | 0 | |t 03 Kapitola (44 min., 6 sek.) |
| 505 | 0 | 0 | |t 04 Kapitola (16 min., 12 sek.) |
| 505 | 0 | 0 | |t 05 Kapitola (49 min., 41 sek.) |
| 505 | 0 | 0 | |t 06 Kapitola (34 min., 6 sek.) |
| 505 | 0 | 0 | |t 07 Kapitola (36 min., 47 sek.) |
| 505 | 0 | 0 | |t 08 Kapitola (41 min., 3 sek.) |
| 505 | 0 | 0 | |t 09 Kapitola (46 min., 24 sek.) |
| 505 | 0 | 0 | |t 10 Kapitola (20 min., 58 sek.) |
| 505 | 0 | 0 | |t 11 Kapitola (43 min., 25 sek.) |
| 505 | 0 | 0 | |t 12 Kapitola (14 min., 36 sek.) |
| 505 | 0 | 0 | |t 13 Kapitola (40 min., 16 sek.) |
| 505 | 0 | 0 | |t 14 Kapitola (26 min., 50 sek.) |
| 505 | 0 | 0 | |t 15 Kapitola (18 min., 41 sek.) |
| 505 | 0 | 0 | |t 16 Kapitola (22 min., 41 sek.) |
| 505 | 0 | 0 | |t 17 Kapitola (32 min., 6 sek.) |
| 505 | 0 | 0 | |t 18 Kapitola (20 min., 37 sek.) |
| 505 | 0 | 0 | |t 19 Kapitola (19 min., 13 sek.) |
| 505 | 0 | 0 | |t 20 Kapitola (21 min., 32 sek.) |
| 910 | |a RBIT002 | ||
| 998 | |d 357803 |a https://core.palmknihy.cz/api/books/357803/cover?sj9fgs |b https://core.palmknihy.cz/api/books/357803/cover/400?sj9fgs |c https://core.palmknihy.cz/api/books/357803/cover/50?sj9fgs |e 2031-12-31 |i 8594050433533 |l 36000 |q 49 |r 1 |s https://www.palmknihy.cz/kniha/357803 |t audiobook |y 2022 |z 0 | ||
| 999 | |d 313122 | ||